[Event "Budapest FS10 Nadassy"]
[Site "Budapest"]
[Date "2021.10.09"]
[Round "7.3"]
[White "Farago, Sandor"]
[Black "Jagadeesh, Balakrishnan"]
[Result "1-0"]
[WhiteElo "2105"]
[BlackElo "1693"]
[PlyCount "115"]
[EventDate "2021.10.02"]
[EventType "schev"]
[EventRounds "9"]
[EventCountry "HUN"]
[SourceTitle "EXT 2023"]
[Source "ChessBase"]
[SourceDate "2022.10.05"]
[SourceVersion "1"]
[SourceVersionDate "2022.10.05"]
[SourceQuality "1"]
[WhiteTeam "Team Higher Elo"]
[BlackTeam "Team Lower Elo"]
[WhiteTeamCountry "HUN"]
[BlackTeamCountry "HUN"]

1. e4 c6 2. Nf3 d5 3. Nc3 dxe4 4. Nxe4 Nd7 5. Bc4 Ngf6 6. Neg5 e6 7. Qe2 Nd5 8. d4 h6 9. Ne4 Be7 10. Bd2 a5 11. a4 Qc7 12. g3 b6 13. 0-0 Bb7 14. Bd3 0-0 15. c4 N5f6 16. Bf4 Qd8 17. Rad1 Nxe4 18. Qxe4 Nf6 19. Qe2 Bd6 20. Be5 Qe7 21. b3 Rfd8 22. Nd2 c5 23. Bxf6 Qxf6 24. Be4 Qe7 25. Qf3 Bxe4 26. Nxe4 cxd4 27. Rxd4 Bc5 28. Rdd1 Rac8 29. h4 Bb4 30. Kg2 Rxd1 31. Rxd1 Rd8 32. Rd3 Rd7 33. Qd1 Rxd3 34. Qxd3 f5 35. Nd2 Qd6 36. Qxd6 Bxd6 37. Nf3 e5 38. Ne1 Kf7 39. Nc2 Ke6 40. Ne3 Bc5 41. Nd5 e4 42. h5 Ke5 43. Kf1 Kd4 44. Ke2 Ke5 45. f3 Kd4 46. f4 b5 47. axb5 a4 48. bxa4 Kxc4 49. Ne3+ Kb4 50. Nxf5 Kxa4 51. Nxg7 Kxb5 52. Nf5 Bf8 53. g4 Kc5 54. g5 hxg5 55. fxg5 Kd5 56. h6 Ba3 57. h7 Bb2 58. g6 1-0

[Event "Budapest FS10 Nadassy"]
[Site "Budapest"]
[Date "2021.10.06"]
[Round "5.2"]
[White "Kahn, Evarth"]
[Black "Jagadeesh, Balakrishnan"]
[Result "1-0"]
[WhiteElo "2121"]
[BlackElo "1693"]
[PlyCount "95"]
[EventDate "2021.10.02"]
[EventType "schev"]
[EventRounds "9"]
[EventCountry "HUN"]
[SourceTitle "EXT 2023"]
[Source "ChessBase"]
[SourceDate "2022.10.05"]
[SourceVersion "1"]
[SourceVersionDate "2022.10.05"]
[SourceQuality "1"]
[WhiteTeam "Team Higher Elo"]
[BlackTeam "Team Lower Elo"]
[WhiteTeamCountry "HUN"]
[BlackTeamCountry "HUN"]

1. d4 Nf6 2. c4 c5 3. d5 b5 4. Bg5 Ne4 5. Bf4 Qa5+ 6. Nd2 d6 7. cxb5 Bb7 8. f3 g5 9. Be3 Nf6 10. Bxg5 Nxd5 11. e4 Rg8 12. Nh3 h6 13. Bf4 Nxf4 14. Nxf4 Bg7 15. Qb3 Bd4 16. Bc4 Rg7 17. Bd5 Bxd5 18. Qxd5 Be3 19. 0-0-0 Bxf4 20. Qxa8 Qxb5 21. g3 Be5 22. b3 Qb4 23. Nb1 a5 24. f4 Bd4 25. Rhe1 f6 26. Re2 Rg8 27. Rxd4 cxd4 28. Rc2 Kf7 29. Qd5+ Kg7 30. Rc7 Re8 31. Qh5 Qb6 32. Rc4 Rd8 33. Nd2 Nc6 34. Nf3 d3 35. Nh4 Qg1+ 36. Kb2 Qxh2+ 37. Ka3 Qe2 38. Nf5+ Kf8 39. Qxh6+ Ke8 40. Rxc6 Qxe4 41. Qh5+ Kd7 42. Rc4 Qe1 43. Ng7 Rb8 44. Qg4+ e6 45. Nxe6 Rxb3+ 46. Kxb3 Qb1+ 47. Ka3 d2 48. Rc7+ 1-0

[Event "Budapest Vezerkepzo Schev"]
[Site "Budapest"]
[Date "2021.09.19"]
[Round "5.1"]
[White "Jagadeesh, Balakrishnan"]
[Black "Laszlo, Csaba"]
[Result "1/2-1/2"]
[WhiteElo "1675"]
[BlackElo "1987"]
[PlyCount "57"]
[EventDate "2021.09.15"]
[EventType "tourn"]
[EventRounds "10"]
[EventCountry "HUN"]
[SourceTitle "EXT 2023"]
[Source "ChessBase"]
[SourceDate "2022.10.05"]
[SourceVersion "1"]
[SourceVersionDate "2022.10.05"]
[SourceQuality "1"]
[WhiteTeam "Team 2"]
[BlackTeam "Team 1"]
[WhiteTeamCountry "HUN"]
[BlackTeamCountry "HUN"]

1. Nf3 Nf6 2. d4 e6 3. g3 b6 4. Bg2 Bb7 5. c4 Be7 6. 0-0 0-0 7. Nc3 d5 8. Ne5 Nbd7 9. Nxd7 Qxd7 10. Bf4 Rfd8 11. Qc2 Rac8 12. Rfd1 c6 13. b3 h6 14. a4 a6 15. e4 dxe4 16. Nxe4 Nxe4 17. Qxe4 Bf6 18. a5 b5 19. Be5 Bxe5 20. dxe5 Qxd1+ 21. Rxd1 Rxd1+ 22. Bf1 Rcd8 23. Kg2 R8d7 24. c5 R1d2 25. Be2 R7d4 26. Qe3 Rd7 27. Qe4 R2d4 28. Qe3 Rd2 29. Qe4 1/2-1/2

[Event "Budapest Vezerkepzo Schev"]
[Site "Budapest"]
[Date "2021.09.16"]
[Round "2.1"]
[White "Lyell, Mark"]
[Black "Jagadeesh, Balakrishnan"]
[Result "1-0"]
[WhiteElo "2142"]
[BlackElo "1675"]
[PlyCount "79"]
[EventDate "2021.09.15"]
[EventType "tourn"]
[EventRounds "10"]
[EventCountry "HUN"]
[SourceTitle "EXT 2023"]
[Source "ChessBase"]
[SourceDate "2022.10.05"]
[SourceVersion "1"]
[SourceVersionDate "2022.10.05"]
[SourceQuality "1"]
[WhiteTeam "Team 1"]
[BlackTeam "Team 2"]
[WhiteTeamCountry "HUN"]
[BlackTeamCountry "HUN"]

1. e4 c6 2. d4 d5 3. exd5 cxd5 4. c4 Nf6 5. Nc3 g6 6. Qb3 Bg7 7. cxd5 0-0 8. Be2 Nbd7 9. Bf3 Nb6 10. Bf4 a5 11. a4 Bf5 12. Rd1 Rc8 13. Qb5 Nc4 14. Qxb7 Nd6 15. Qa6 Ra8 16. Qe2 Qb6 17. Nh3 Qb4 18. 0-0 Rac8 19. Rfe1 Rfe8 20. Bc1 e6 21. dxe6 Rxe6 22. Qa6 Rxe1+ 23. Rxe1 Bxh3 24. gxh3 Rxc3 25. bxc3 Qxc3 26. Qe2 Nf5 27. Bb2 Qb4 28. d5 Qxa4 29. Rd1 Qb4 30. Qd2 Qh4 31. d6 Qxh3 32. Bg2 Qb3 33. d7 Nxd7 34. Bxg7 Kxg7 35. Qxd7 a4 36. Qd3 Qb4 37. Rb1 Qg4 38. Qc3+ Nd4 39. h3 Qd7 40. Rd1 1-0

[Event "Basingstoke 4NCL Spring Bank 2nd U2050"]
[Site "Basingstoke"]
[Date "2019.05.25"]
[Round "3"]
[White "Jagadeesh, Balakrishnan"]
[Black "Aubury, Benjamin"]
[Result "0-1"]
[WhiteElo "1712"]
[BlackElo "1659"]
[PlyCount "82"]
[EventDate "2019.05.24"]
[EventType "swiss"]
[EventRounds "7"]
[EventCountry "ENG"]
[SourceTitle "EXT 2020"]
[Source "ChessBase"]
[SourceDate "2019.10.17"]
[SourceVersion "1"]
[SourceVersionDate "2019.10.17"]
[SourceQuality "1"]

1. d4 Nf6 2. c4 g6 3. Nf3 Bg7 4. g3 0-0 5. Bg2 d6 6. 0-0 c6 7. Nc3 Bf5 8. Qb3 Qb6 9. Re1 Ne4 10. Qxb6 axb6 11. Nh4 Nxc3 12. bxc3 Be6 13. Bg5 f6 14. Be3 Bxc4 15. a3 Nd7 16. Bf3 Ra4 17. Ng2 Rfa8 18. Bc1 e5 19. e3 b5 20. Bb2 Nb6 21. e4 Bh6 22. Rad1 Bb3 23. Rb1 Bc2 24. Ra1 Nc4 25. Bc1 Bxc1 26. Rexc1 Bb3 27. Ne3 Nd2 28. Bd1 Bxd1 29. Rxd1 Nxe4 30. dxe5 dxe5 31. Rd7 Nc5 32. Re7 Rxa3 33. Rxa3 Rxa3 34. Ng4 f5 35. Nh6+ Kf8 36. Rxh7 Rxc3 37. Rf7+ Ke8 38. Rg7 b4 39. Rxg6 b3 40. Nxf5 b2 41. Nd6+ Kd7 0-1

[Event "Heusenstamm Sparkassen op-B 5th"]
[Site "Heusenstamm"]
[Date "2018.11.23"]
[Round "2"]
[White "Illenberger, Dirk"]
[Black "Jagadeesh, Balakrishnan"]
[Result "1/2-1/2"]
[WhiteElo "1704"]
[BlackElo "1657"]
[PlyCount "85"]
[EventDate "2018.11.22"]
[EventType "swiss"]
[EventRounds "7"]
[EventCountry "GER"]
[SourceTitle "CBM 187 Extra"]
[Source "ChessBase"]
[SourceDate "2018.11.04"]
[SourceVersion "1"]
[SourceVersionDate "2018.11.04"]
[SourceQuality "1"]

1. e4 c6 2. d4 d5 3. exd5 cxd5 4. Bd3 Nc6 5. c3 Nf6 6. Bf4 g6 7. Nf3 Bg4 8. Nbd2 Bg7 9. h3 Bxf3 10. Nxf3 e6 11. 0-0 0-0 12. Re1 Rc8 13. Qd2 Re8 14. Ne5 Nxe5 15. Bxe5 a6 16. a4 Nd7 17. Bf4 Nb6 18. b3 Nd7 19. Rab1 Qa5 20. Rec1 Rc6 21. Ra1 Qd8 22. a5 Nf6 23. f3 Nh5 24. Bh2 Bf6 25. b4 Bg5 26. f4 Bh6 27. b5 Rc8 28. bxa6 bxa6 29. Bxa6 Ra8 30. Bb5 Re7 31. a6 Qd6 32. Rf1 Nf6 33. f5 Qxh2+ 34. Kxh2 Bxd2 35. fxg6 Ne4 36. Rxf7 Rxf7 37. gxf7+ Kxf7 38. a7 Bxc3 39. Bc6 Bxa1 40. Bxa8 Bxd4 41. Bxd5 Bxa7 42. Bxe4 h5 43. Kg3 1/2-1/2

[Event "Innsbruck op-B 2nd"]
[Site "Innsbruck"]
[Date "2018.08.27"]
[Round "4"]
[White "Jagadeesh, Balakrishnan"]
[Black "Hammer, David"]
[Result "0-1"]
[WhiteElo "1586"]
[BlackElo "1812"]
[PlyCount "150"]
[EventDate "2018.08.24"]
[EventType "swiss"]
[EventRounds "9"]
[EventCountry "AUT"]
[SourceTitle "CBM 186 Extra"]
[Source "ChessBase"]
[SourceDate "2018.08.24"]
[SourceVersion "1"]
[SourceVersionDate "2018.08.24"]
[SourceQuality "1"]

1. d4 Nf6 2. Nf3 e6 3. c4 d5 4. g3 c6 5. Bg2 Nbd7 6. 0-0 Qc7 7. Bf4 Bd6 8. Bxd6 Qxd6 9. a4 Rb8 10. Nbd2 b6 11. Qc2 Bb7 12. a5 c5 13. Rfd1 0-0 14. a6 Ba8 15. e3 Rfc8 16. Qd3 e5 17. dxe5 Nxe5 18. Nxe5 Qxe5 19. cxd5 Bxd5 20. Bxd5 Qxd5 21. Nc4 Rd8 22. Qxd5 Rxd5 23. Kf1 Kf8 24. Ke2 Ke7 25. f3 b5 26. Rxd5 Nxd5 27. Na5 Nb4 28. Nb7 Nxa6 29. Na5 Nb4 30. Nb3 Nc6 31. Nxc5 a5 32. Rc1 Nd8 33. Rd1 Ne6 34. Rd7+ Ke8 35. Rd5 Nc7 36. Re5+ Kd8 37. Ne4 f6 38. Rc5 Kd7 39. Rc1 Na6 40. Nc5+ Nxc5 41. Rxc5 Kd6 42. Rc2 Rb7 43. e4 a4 44. Kd3 g5 45. Rc8 b4 46. Rc1 Ra7 47. f4 h6 48. Kd4 a3 49. bxa3 bxa3 50. Ra1 Ra4+ 51. Kd3 a2 52. Kc3 gxf4 53. gxf4 Rxe4 54. Rxa2 Rxf4 55. Ra5 Rh4 56. Ra6+ Ke5 57. Ra5+ Ke6 58. Ra6+ Kf5 59. Ra2 Ke5 60. Re2+ Re4 61. Ra2 f5 62. Ra6 h5 63. Ra2 h4 64. Ra8 Kf4 65. Rh8 Kf3 66. Kd3 Ra4 67. Rf8 Ra3+ 68. Kc4 Kf4 69. Rh8 Rh3 70. Kd5 Rxh2 71. Ra8 Rd2+ 72. Ke6 h3 73. Ra5 h2 74. Rxf5+ Kg4 75. Rf1 Kg3 0-1